00454cam a2200181ua 4500001000500000005001700005008003900022040000900061041000800070082001100078100002800089245004800117250001200165260004300177300001000220653002000230653002200250935720260515114446.0150812n ii |||gr||||Z||||||asm cMAIN aasm a394.26 aBaruah, Sukha,eAuthor.12aAhomxakolor utsav anusthancby Sukha Baruah a4th ed. aGuwahati:bKalpataru prakashan,c2013. a316p. aGeneral customs aFestivals of Ahom